LEADER 00870nam0-2200325---450- 001 990008591070403321 005 20100903133754.0 010 $a0-387-00230-8 035 $a000859107 035 $aFED01000859107 035 $a(Aleph)000859107FED01 035 $a000859107 100 $a20071203d2003----km-y0itay50------ba 101 0 $aeng 102 $aUS 105 $aa-------001yy 200 1 $aIntroduction to maple$fAndré Heck 205 $a3rd ed. 210 $aNew York$cSpringer$d©2003 215 $aXVI, 828 p.$cill.$d24 cm 610 0 $aAlgebra$aElaborazione dei dati 676 $a510.28553$v21$zita 700 1$aHeck,$bAndré$f<1946- >$0346682 801 0$aIT$bUNINA$gRICA$2UNIMARC 901 $aBK 912 $a990008591070403321 952 $aVI L 71$b40126$fFSPBC 959 $aFSPBC 996 $aIntroduction to Maple$932926 997 $aUNINA LEADER 00989nam0 2200289 450 001 000025026 005 20090319111338.0 100 $a20090319d1983----km-y0itaa50------ba 101 0 $aita 102 $aIT 200 1 $aSu Wagner$fCharles Baudelaire$ga cura e con un'introduzione di Antonio Prete 210 $aMilano$cFeltrinelli$d1983 215 $a85 p.$d17 cm 225 2 $aNuovi materiali$v11 410 0$12001$aNuovi materiali$v11 600 1$aWagner,$bRichard 676 $a782.1$v(21. ed.)$9Forme vocali drammatiche. Opere 700 1$aBaudelaire,$bCharles$0131270 702 1$aPrete,$bAntonio 801 0$aIT$bUniversità della Basilicata - B.I.A.$gRICA$2unimarc 912 $a000025026 996 $aSu Wagner$992358 997 $aUNIBAS BAS $aLETTERE CAT $aEXT10$b01$c20090319$lBAS01$h1113 FMT Z30 -1$lBAS01$LBAS01$mBOOK$1BASA1$APolo Storico-Umanistico$2FMAS$BFondo Masini$3FMas/817/1810$6817/1810$5B817/1810$820090319$f04$FPrestabile Didattica